000 01175cam a2200253 4500
001 ABS64692
008 011023n2001 000 0 eng u
035 _a(Sirsi) u115253
100 _aHickman, N
245 _aWoolf bites in conveyancing world
260 _c2001
490 _aLaw Society's Gazette
_v98(37) 27 September 2001, 41(1)
520 _aConsiders the implications for business tenancies of the Civil Procedure Rules 1998 (CPR) Part 56, "Landlord and Tenant Claims and Miscellaneous Provisions about Land" which came into force on 15 October 2001. Highlights how CPR 56 will affect joint applications underthe Landlord and Tenant Act 1954 Part II and applications for new tenancies under the 1954 Act s24. The latter area will see the major procedural reform and will change the claim form procedure for tenants and landlords.
590 _aABS
650 _aWOOLF REFORMS
650 _aCIVIL PROCEDURE RULES PART 56
650 _aLANDLORD AND TENANT ACT 1954
650 _aBUSINESS TENANCIES
650 _aCLAIMS
650 _aNEW TENANCIES
650 _aJOINT APPLICATIONS
690 _aLANDLORD AND TENANT-BUSINESS TENANCIES
942 _n0
999 _c68638
_d68638